País de un solo hombre: el México de Santa Anna
Saved in:
| Main Author: | |
|---|---|
| Format: | Book |
| Language: | Spanish |
| Published: |
Ciudad de México
Fondo de Cultura Económica
1993
|
| Series: | Colección Historia
|
| Subjects: | |
| Tags: |
Add Tag
No Tags, Be the first to tag this record!
|
MARC
| LEADER | 00000nam a2200000 a 4500 | ||
|---|---|---|---|
| 001 | UCI8809 | ||
| 003 | CL-VaPUC | ||
| 008 | 081002e19930000MX |||||||||||||||||spa|d | ||
| 020 | |a 9681639693o.c | ||
| 020 | |a 9681639626v.1 | ||
| 020 | |a 9681663772v.2 | ||
| 082 | 0 | 4 | |a 972.04 |b GON |2 21 |
| 100 | |a González Pedrero, Enrique |e author |9 620188 | ||
| 245 | 1 | 0 | |a País de un solo hombre: el México de Santa Anna |
| 300 | |a v | ||
| 942 | |c BK | ||
| 945 | |d 20081002 00:00:00 |a jtorresc | ||
| 260 | |a Ciudad de México |b Fondo de Cultura Económica |c 1993 | ||
| 500 | |a v.1: La ronda de los contrarios | ||
| 500 | |a v.2: La sociedad del fuego cruzado | ||
| 600 | 0 | 7 | |a SANTA ANNA, ANTONIO LOPEZ DE |2 CL-VaPUC |9 532415 |
| 650 | 0 | |a Historia de México |9 321806 | |
| 650 | 7 | |a HISTORIA SIGLO 19 |2 CL-VaPUC |9 257187 | |
| 650 | 0 | |a Política y gobierno |9 255151 | |
| 651 | 0 | |a México |9 255269 | |
| 583 | |a last modification |c 20081002 00:00:00 |k Rodrigo Vera | ||
| 490 | 0 | |a Colección Historia | |
| 999 | |c 331576 |d 331574 | ||
| 952 | |0 0 |1 0 |4 0 |6 972_040000000000000_GON_1993 |7 0 |8 A |9 418338 |a BIBHIS |b BIBHIS |d 2019-11-22 |h v.1 |i 4485963 |o 972.04 GON 1993 |p 4485963 |r 2025-01-20 |w 2019-11-22 |y BK |k HIS | ||
| 952 | |0 0 |1 0 |4 0 |6 972_040000000000000_GON_1993 |7 0 |8 A |9 418339 |a BIBHIS |b BIBHIS |d 2019-11-22 |h v.2 |i 4485971 |o 972.04 GON 1993 |p 4485971 |r 2025-01-20 |w 2019-11-22 |y BK |k HIS | ||
| 952 | |0 0 |1 0 |4 0 |6 972_040000000000000_GON_1993 |7 0 |8 A |9 418340 |a BIBHIS |b BIBHIS |d 2019-11-22 |h v.1 |i 4561570 |o 972.04 GON 1993 |p 4561570 |r 2025-01-20 |w 2019-11-22 |y BK |k HIS | ||
| 952 | |0 0 |1 0 |4 0 |6 972_040000000000000_GON_1993 |7 0 |8 A |9 418341 |a BIBHIS |b BIBHIS |d 2019-11-22 |h v.2 |i 4561589 |o 972.04 GON 1993 |p 4561589 |r 2025-01-20 |w 2019-11-22 |y BK |k HIS | ||